ECOMMERCE : (Registro nro. 49209)
[ vista simple ]
| 000 -LEADER | |
|---|---|
| fixed length control field | 01103nam a2200205 a 4500 |
| 001 - CONTROL NUMBER | |
| control field | 49209 |
| 005 - DATE AND TIME OF LATEST TRANSACTION | |
| control field | 20180714033816.0 |
| 008 - FIXED-LENGTH DATA ELEMENTS--GENERAL INFORMATION | |
| fixed length control field | 140415d 000 0 eng d |
| 020 ## - INTERNATIONAL STANDARD BOOK NUMBER | |
| International Standard Book Number | 0130198447 |
| 041 ## - LANGUAGE CODE | |
| Language code of text/sound track or separate title | eng |
| 082 ## - DEWEY DECIMAL CLASSIFICATION NUMBER | |
| Classification number | 658.4012 |
| Item number | PLA |
| 100 1# - MAIN ENTRY--PERSONAL NAME | |
| Personal name | PLANT, ROBERT T. |
| 245 10 - TITLE STATEMENT | |
| Title | ECOMMERCE : |
| Remainder of title | FORMULATION OF STRATEGY |
| 250 ## - EDITION STATEMENT | |
| Edition statement | 1a ed. |
| 260 ## - PUBLICATION, DISTRIBUTION, ETC. | |
| Place of publication, distribution, etc. | [s.l.] : |
| Name of publisher, distributor, etc. | PRENTICE HALL PTR, |
| Date of publication, distribution, etc. | [s.f.] |
| 300 ## - PHYSICAL DESCRIPTION | |
| Extent | 429 |
| Dimensions | 23.5 x 17.8 x 2.1 |
| 490 ## - SERIES STATEMENT | |
| Series statement | THE SOFTWARE PATTERNS SERIES |
| 520 ## - SUMMARY, ETC. | |
| Summary, etc. | IN THIS BOOK, GLOBAL E-COMMERCE EXPERT DR. ROBERT PLANT CUTS THROUGH THE TECHNOBABBLE TO PRESENT THE FIRST BALANCED, INTEGRATED STRATEGY FOR E-COMMERCE LEADERSHIP. PLAN ORGANIZES EVEY KEY DRIVER OF E-COMMERCE SUCCESS INTO A BREAKTHROUGH INTERNET STRATEGY EFFECTIVENESS SCORECARD THAT MAPS STRATEGY TO QUANTIFIABLE METRICS. DRAWING ON RESEARCH AT MORE THAN 40 TOP E-COMMERCE ORGANIZATIONS, HE HELPS YOU OPTIMIZE BRAND, TECHNOLOGY, SERVICE, MARKET, AND DEVELOPMENT- AND ANSWER CRITICAL QUESTI |
| 650 14 - SUBJECT ADDED ENTRY--TOPICAL TERM | |
| Topical term or geographic name entry element | PLANEACION DE NEGOCIOS |
| General subdivision | ESTUDIO DE CASOS |
| -- | COMERCIO ELECTRONICO |
| -- | ESTUDIO DE CASOS |
| Withdrawn status | Lost status | Source of classification or shelving scheme | Damaged status | Not for loan | Collection code | Home library | Current library | Shelving location | Date acquired | Source of acquisition | Inventory number | Total Checkouts | Full call number | Barcode | Date last seen | Price effective from | Koha item type |
|---|---|---|---|---|---|---|---|---|---|---|---|---|---|---|---|---|---|
| Dewey Decimal Classification | General | Biblioteca Karol Wojtyla | Biblioteca Karol Wojtyla | Sala general | 03/12/2013 | Compra | 151000000000000000014677 | 658.4012 PLA | 73607 | 05/01/2026 | 03/12/2013 | Libro |